| 000 | 00878nam a2200265 4500 | ||
|---|---|---|---|
| 001 | 15579 | ||
| 010 | _a9789898843678 | ||
| 021 | _b414463/16 | ||
| 090 | _a15579 | ||
| 100 | _a20170112d2016 m y0pory50030103ba | ||
| 200 | 1 |
_aCom o humor não se brinca _eo que os melhores humoristas portugueses têm a dizer sobre a comédia _fNelson Nunes _gpref. Filipe Homem Fonseca |
|
| 205 | _a1ª ed | ||
| 210 | 9 |
_aAmadora _cVogais, _d2016 |
|
| 215 |
_a351 p. _cil. _d23 cm |
||
| 300 | _aPADES | ||
| 606 |
_924 _aComédia |
||
| 606 |
_926 _aHumor |
||
| 606 |
_925 _aHumoristas portugueses |
||
| 675 |
_a7.071A/Z(469)"20" _vBN _zpor |
||
| 675 |
_a821.134.3-7"20".09(042) _vBN _zpor |
||
| 700 | 1 |
_aNunes, _bNelson |
|
| 702 | 1 |
_aFonseca, _bFilipe Homem, _f1974- |
|
| 801 | 0 |
_aPT _bBN _gRPC |
|
| 856 | 4 | 1 | _uhttp://rnod.bnportugal.gov.pt/ImagesBN/winlibimg.aspx?skey=&doc=1953276&img=88898&save=true |
| 990 | _cLIVROS | ||